000 01681nam a2200277Ia 4500
999 _c55366
_d55366
001 22444
003 GE_BSU
005 20250901195103.0
008 181216s2016||||ge |||||||||||||| ||geo||
020 _a9789941091537
040 _cGE_BSU
041 _ageo
080 _a314(479.22) წ-85
100 _aწულაძე, გიორგი
_94394
245 _aსაქართველოს რეგიონების დემოგრაფიული თავისებურებები /
_cგიორგი წულაძე, ავთანდილ სულაბერიძე ; რედაქტორი ვლადიმერ სულაბერიძე ; ილიას სახელმწ. უნ-ტი, დემოგრაფიისა და სოციოლოგიის ინ-ტი.
264 _aთბილისი :
_b?,
_c2016.
300 _a91 გვ. :
_bცხრ. ;
_c20 სმ.
541 _h5 ლ.
653 _aსაქართველოს დემოგრაფია
653 _aსაქართველოს რეგიონების დემოგრაფიული თავისებურებები
700 _aსულაბერიძე, ავთანდილ
_eავტორი
_923954
700 _aსულაბერიძე, ვლადიმერ
_eრედაქტორი
_925758
710 _aილიას სახელმწიფო უნივერსიტეტი
_925759
711 _aდემოგრაფიისა და სოციოლოგიის ინსტიტუტი
_925760
942 _cBK
_2udc